[Event "Korcsoportos bajnokság, 14 évesek"]
[Site "Budapest"]
[Date "2020.10.29"]
[Round "8.1"]
[White "Tancsa, Tamas"]
[Black "Konyves, Almos"]
[Result "1/2-1/2"]
[WhiteElo "2092"]
[BlackElo "2048"]
[PlyCount "90"]
[EventDate "2020.10.24"]
[EventType "tourn"]
[EventRounds "9"]
[EventCountry "HUN"]

1. d4 Nf6 2. Nf3 d5 3. e3 g6 4. b3 Bg7 5. Bd3 O-O 6. O-O c5 7. Bb2 Ne4 8. Nbd2
Nxd2 9. Qxd2 Nc6 10. Rad1 Bg4 11. Be2 Qc7 12. h3 Bf5 13. a3 Rac8 14. b4 cxd4
15. exd4 Qd6 16. Bd3 Bxd3 17. Qxd3 Nb8 18. Rfe1 e6 19. Nd2 Nd7 20. Rc1 Bh6 21.
g3 Nb6 22. f4 g5 23. Re5 f6 24. Re2 gxf4 25. gxf4 Nc4 26. Nxc4 dxc4 27. Qe4 c3
28. Ba1 Qxf4 29. Qxf4 Bxf4 30. Rf1 e5 31. Rf3 Rc4 32. Bxc3 Rfc8 33. dxe5 Rxc3
34. Rxf4 fxe5 35. Rxe5 Rxh3 36. Re7 Rg3+ 37. Kf1 Rxa3 38. Rxb7 Ra1+ 39. Ke2
Rxc2+ 40. Kd3 Rc8 41. Rff7 Ra3+ 42. Kd4 Rh3 43. Rxa7 Rh4+ 44. Kd3 Rd8+ 45. Ke3
Re8+ 1/2-1/2

[Event "Korcsoportos bajnokság, 14 évesek"]
[Site "Budapest"]
[Date "2020.10.29"]
[Round "8.2"]
[White "Bilku, Andras"]
[Black "Palczert, Matyas"]
[Result "0-1"]
[WhiteElo "1910"]
[BlackElo "2132"]
[PlyCount "58"]
[EventDate "2020.10.24"]
[EventType "tourn"]
[EventRounds "9"]
[EventCountry "HUN"]

1. Nf3 d5 2. g3 Nd7 3. d4 Nb6 4. Bg2 Bf5 5. O-O e6 6. b3 Be7 7. Ba3 Bxa3 8.
Nxa3 Nf6 9. c4 c6 10. Nh4 Bg4 11. Qd2 Qe7 12. c5 Nbd7 13. b4 O-O 14. Rfe1 a5
15. b5 e5 16. e3 e4 17. Bf1 g5 18. Ng2 Bh3 19. bxc6 bxc6 20. Rab1 Ng4 21. Be2
Qf6 22. Bd1 Qh6 23. f4 exf3 24. Bxf3 Nxh2 25. Kxh2 Bg4+ 26. Kg1 Bxf3 27. Qf2
Be4 28. Rb7 Nf6 29. g4 Qh3 0-1

[Event "Korcsoportos bajnokság, 14 évesek"]
[Site "Budapest"]
[Date "2020.10.29"]
[Round "8.3"]
[White "Bacsi, Kristof"]
[Black "Farkas, Otto Jr"]
[Result "0-1"]
[WhiteElo "1949"]
[BlackElo "2079"]
[PlyCount "62"]
[EventDate "2020.10.24"]
[EventType "tourn"]
[EventRounds "9"]
[EventCountry "HUN"]

1. d4 d5 2. Nf3 Nf6 3. c4 dxc4 4. e3 a6 5. Bxc4 e6 6. O-O b5 7. Be2 Bb7 8. b3
Nbd7 9. Bb2 c5 10. dxc5 Bxc5 11. a4 b4 12. Nbd2 O-O 13. Nc4 Nd5 14. Rc1 Rc8 15.
Nfe5 Nxe5 16. Nxe5 Qg5 17. Nf3 Qh6 18. Rc4 Be7 19. Rxc8 Rxc8 20. Bc4 Rd8 21.
Qe2 Bd6 22. h3 a5 23. Rd1 g5 24. Ne5 Nc3 25. Bxc3 bxc3 26. Nf3 Qf6 27. Nd4 Qe5
28. f4 gxf4 29. exf4 Qxe2 30. Bxe2 Bc5 31. Rc1 Rxd4 0-1

[Event "Korcsoportos bajnokság, 14 évesek"]
[Site "Budapest"]
[Date "2020.10.29"]
[Round "8.4"]
[White "Pasztor, Balazs"]
[Black "Szalay-Ocsak, Bank"]
[Result "1-0"]
[WhiteElo "2201"]
[BlackElo "2091"]
[PlyCount "109"]
[EventDate "2020.10.24"]
[EventType "tourn"]
[EventRounds "9"]
[EventCountry "HUN"]

1. e4 c5 2. Nf3 Nc6 3. d4 cxd4 4. Nxd4 Nf6 5. Nc3 g6 6. Nxc6 dxc6 7. Qxd8+ Kxd8
8. Bc4 Ke8 9. a4 e5 10. Bg5 Nd7 11. O-O Be7 12. Be3 Nc5 13. Rfd1 Be6 14. Bf1 a5
15. f3 Rd8 16. Kf2 Rd7 17. b3 Kd8 18. Rxd7+ Kxd7 19. Nb1 Kc7 20. Nd2 b6 21. Nc4
f6 22. Bd2 Rd8 23. Bc3 Nb7 24. Bd3 Bc5+ 25. Ke2 Bd4 26. Bxd4 Rxd4 27. h4 h5 28.
Ke3 Nc5 29. Be2 Nb7 30. Rg1 Nc5 31. Rh1 Kb7 32. g3 Kc7 33. Rg1 Kb7 34. Rb1 Kc7
35. Nd2 f5 36. exf5 gxf5 37. f4 Ne4 38. Nf3 Rd8 39. fxe5 Nxg3 40. Bd3 Bd5 41.
Ng5 Re8 42. Kf4 Ne4 43. Bxe4 fxe4 44. c4 Rf8+ 45. Ke3 Bg8 46. Rd1 Rf5 47. Kxe4
Rf2 48. e6 Rf8 49. Ke5 Re8 50. Rd7+ Kc8 51. Kd6 c5 52. Rc7+ Kb8 53. Re7 Rd8+
54. Rd7 Re8 55. e7 1-0

[Event "Korcsoportos bajnokság, 14 évesek"]
[Site "Budapest"]
[Date "2020.10.29"]
[Round "8.5"]
[White "Tran, David"]
[Black "Onodi, Tamas"]
[Result "1-0"]
[WhiteElo "2130"]
[BlackElo "1918"]
[PlyCount "73"]
[EventDate "2020.10.24"]
[EventType "tourn"]
[EventRounds "9"]
[EventCountry "HUN"]

1. e4 c5 2. Nf3 Nf6 3. Nc3 Nc6 4. g3 g6 5. Bg2 Bg7 6. O-O O-O 7. h3 d6 8. d3
Rb8 9. Be3 b5 10. Qd2 b4 11. Ne2 a5 12. c3 Nd7 13. Nh2 e5 14. f4 exf4 15. gxf4
Ne7 16. d4 f5 17. e5 cxd4 18. cxd4 d5 19. Nf3 Nb6 20. b3 Ba6 21. Rfc1 Qd7 22.
Ne1 Rfc8 23. Nd3 Qb5 24. Rxc8+ Rxc8 25. Nec1 Bf8 26. Nc5 Nd7 27. N1d3 Nxc5 28.
Nxc5 Bb7 29. Rc1 Bc6 30. Bf1 Qb6 31. Qe2 Ra8 32. Qd2 Rc8 33. Bf2 Kf7 34. Bg2
Rc7 35. Bh4 Nc8 36. Bd8 Qb8 37. Na6 1-0

[Event "Korcsoportos bajnokság, 14 évesek"]
[Site "Budapest"]
[Date "2020.10.30"]
[Round "9.1"]
[White "Onodi, Tamas"]
[Black "Tancsa, Tamas"]
[Result "0-1"]
[WhiteElo "1918"]
[BlackElo "2092"]
[PlyCount "84"]
[EventDate "2020.10.24"]
[EventType "tourn"]
[EventRounds "9"]
[EventCountry "HUN"]

1. d4 Nf6 2. Nf3 g6 3. g3 Bg7 4. Bg2 O-O 5. O-O d6 6. b3 e5 7. dxe5 Ng4 8. Bb2
Nc6 9. Qd2 Ngxe5 10. Nxe5 Nxe5 11. c4 Be6 12. Nc3 Rb8 13. Nb5 Bxc4 14. Nd4 c5
15. Nc2 Ba6 16. f4 Nc4 17. bxc4 Bxb2 18. Rab1 Bg7 19. Na3 Re8 20. Rfe1 Qd7 21.
e4 Qe6 22. Qc2 Bd4+ 23. Kh1 Kg7 24. Nb5 Bxb5 25. Rxb5 b6 26. a4 f5 27. Re2 Re7
28. a5 fxe4 29. axb6 axb6 30. Rxe4 Qf7 31. h3 Rbe8 32. Rxe7 Qxe7 33. Rb1 Qe3
34. Kh2 h5 35. Rf1 Re7 36. h4 Ra7 37. Rb1 Ra3 38. Rxb6 Qxg3+ 39. Kh1 Qxh4+ 40.
Bh3 Qxh3+ 41. Qh2 Qf1+ 42. Qg1 Rh3# 0-1

[Event "Korcsoportos bajnokság, 14 évesek"]
[Site "Budapest"]
[Date "2020.10.30"]
[Round "9.2"]
[White "Szalay-Ocsak, Bank"]
[Black "Tran, David"]
[Result "1/2-1/2"]
[WhiteElo "2091"]
[BlackElo "2130"]
[PlyCount "120"]
[EventDate "2020.10.24"]
[EventType "tourn"]
[EventRounds "9"]
[EventCountry "HUN"]

1. d4 Nf6 2. Nf3 g6 3. Bg5 Bg7 4. Nbd2 d5 5. e3 O-O 6. Bd3 c5 7. c3 b6 8. Qe2
Bf5 9. e4 dxe4 10. Nxe4 Nbd7 11. O-O cxd4 12. Nxd4 Bxe4 13. Bxe4 Nxe4 14. Qxe4
Nf6 15. Qh4 Qd5 16. Rae1 Rfe8 17. f4 Ne4 18. Bxe7 Bxd4+ 19. cxd4 Qxd4+ 20. Kh1
f6 21. Rd1 Qxb2 22. Rd7 Qe2 23. Kg1 Qe3+ 24. Kh1 Nf2+ 25. Qxf2 Rxe7 26. Rxe7
Qxe7 27. Re1 Qd7 28. Qe3 Rd8 29. h3 Kf7 30. Qb3+ Qd5 31. Qe3 Rd7 32. Qe8+ Kg7
33. a4 Qf7 34. Qe4 Rd2 35. Qb4 Rd7 36. Qe4 Qd5 37. Qe8 Qd6 38. Re6 Qc7 39. Re1
a6 40. Qe4 b5 41. axb5 axb5 42. Qb4 Qc4 43. Re7+ Kf8 44. Qxc4 Rd1+ 45. Kh2 bxc4
46. Rxh7 c3 47. Rc7 Rd3 48. Kg1 Ke8 49. Kf2 Kd8 50. Rc4 Kd7 51. Ke2 Rd2+ 52.
Ke3 Rxg2 53. Rxc3 Kd6 54. Kf3 Rh2 55. Kg3 Rd2 56. Re3 Kd5 57. Kf3 Kd4 58. Re4+
Kd5 59. Re3 f5 60. Re5+ Kd6 1/2-1/2

[Event "Korcsoportos bajnokság, 14 évesek"]
[Site "Budapest"]
[Date "2020.10.30"]
[Round "9.3"]
[White "Farkas, Otto Jr"]
[Black "Pasztor, Balazs"]
[Result "0-1"]
[WhiteElo "2079"]
[BlackElo "2201"]
[PlyCount "58"]
[EventDate "2020.10.24"]
[EventType "tourn"]
[EventRounds "9"]
[EventCountry "HUN"]

1. e4 c5 2. Nf3 d6 3. d4 cxd4 4. Nxd4 Nf6 5. Nc3 a6 6. f3 e5 7. Nb3 Be6 8. Be3
h5 9. Qd2 Nbd7 10. O-O-O Be7 11. Kb1 Rc8 12. g3 b5 13. Nd5 Bxd5 14. exd5 Nb6
15. Bh3 Nc4 16. Qe2 Rc7 17. Bf2 Qa8 18. Qd3 O-O 19. Nd2 a5 20. f4 exf4 21. gxf4
Nxd5 22. Nxc4 Nxf4 23. Qg3 Rxc4 24. Rhg1 Bf6 25. Bf1 h4 26. Qg4 Rb4 27. c3 Qe4+
28. Ka1 Rxb2 29. Kxb2 Qb4+ 0-1

[Event "Korcsoportos bajnokság, 14 évesek"]
[Site "Budapest"]
[Date "2020.10.30"]
[Round "9.4"]
[White "Palczert, Matyas"]
[Black "Bacsi, Kristof"]
[Result "1-0"]
[WhiteElo "2132"]
[BlackElo "1949"]
[PlyCount "79"]
[EventDate "2020.10.24"]
[EventType "tourn"]
[EventRounds "9"]
[EventCountry "HUN"]

1. e4 e6 2. d4 d5 3. exd5 exd5 4. Nf3 Nf6 5. Bd3 Bd6 6. Qe2+ Qe7 7. Qxe7+ Kxe7
8. O-O Re8 9. Bg5 Be6 10. Nbd2 h6 11. Bh4 Nbd7 12. Rae1 Kf8 13. Ne5 c5 14. Bg3
Bxe5 15. dxe5 Nh5 16. f4 Nxg3 17. hxg3 Bg4 18. c4 dxc4 19. Nxc4 Re7 20. a4 Nb6
21. Ne3 Bd7 22. a5 Na4 23. b3 Nc3 24. Rc1 Nb5 25. Rxc5 a6 26. Nd5 Ree8 27. Nb6
Rad8 28. Nxd7+ Rxd7 29. Bxb5 axb5 30. Rfc1 b4 31. R5c4 Rd3 32. Rxb4 Rd5 33.
Rxb7 Rxa5 34. Rcc7 f6 35. Rf7+ Kg8 36. Rxg7+ Kh8 37. Rh7+ Kg8 38. Rbg7+ Kf8 39.
exf6 Re1+ 40. Kf2 1-0

[Event "Korcsoportos bajnokság, 14 évesek"]
[Site "Budapest"]
[Date "2020.10.30"]
[Round "9.5"]
[White "Konyves, Almos"]
[Black "Bilku, Andras"]
[Result "1-0"]
[WhiteElo "2048"]
[BlackElo "1910"]
[PlyCount "77"]
[EventDate "2020.10.24"]
[EventType "tourn"]
[EventRounds "9"]
[EventCountry "HUN"]

1. c4 g6 2. e4 Bg7 3. d4 d6 4. Nc3 Nd7 5. Nf3 e5 6. Be2 Ne7 7. Be3 O-O 8. O-O
h6 9. dxe5 Nxe5 10. Qd2 Kh7 11. Nxe5 dxe5 12. Qxd8 Rxd8 13. Nb5 Bd7 14. Nxc7
Rac8 15. Nd5 Nxd5 16. exd5 b6 17. a4 Bf8 18. a5 Bc5 19. b4 Bxb4 20. axb6 axb6
21. Bxb6 Bf5 22. Bxd8 Rxd8 23. Ra7 Kg7 24. g4 Be4 25. Rc7 Bd6 26. Rc6 Bb4 27.
Ra1 Bc3 28. Ra7 Bd4 29. Ra2 Rb8 30. Rd2 Rb1+ 31. Rd1 Rb2 32. Kf1 Kf8 33. Rc7
Bc2 34. Rc1 e4 35. d6 Bd3 36. Re1 Ke8 37. c5 Kd8 38. c6 Bc5 39. Rxf7 1-0

[Event "Korcsoportos bajnokság, 18 éves lány"]
[Site "Budapest"]
[Date "2020.10.25"]
[Round "1.2"]
[White "Toth, Kincso"]
[Black "Szalovszky, Viktoria"]
[Result "1-0"]
[WhiteElo "1582"]
[BlackElo "1467"]
[PlyCount "71"]
[EventDate "2020.10.24"]
[EventType "tourn"]
[EventRounds "6"]
[EventCountry "HUN"]

1. e4 d5 2. exd5 Qxd5 3. Nc3 Qa5 4. d4 c6 5. Bc4 Bf5 6. Bd2 Nf6 7. Nf3 e6 8.
Nd5 Qd8 9. Nxf6+ Qxf6 10. h3 Be4 11. Bc3 Bxf3 12. gxf3 Qg5 13. Qe2 Nd7 14. h4
Qe7 15. O-O-O O-O-O 16. Bb3 Nb6 17. Ba5 Rd7 18. c4 Kb8 19. Kb1 Qf6 20. Bc3 Qe7
21. Qe5+ Ka8 22. Rde1 Rg8 23. h5 c5 24. Rd1 cxd4 25. Bxd4 Qb4 26. Bc3 Qc5 27.
Qe4 Rxd1+ 28. Rxd1 Be7 29. Qxh7 Re8 30. Bxg7 Qxf2 31. Qe4 Qh2 32. h6 Bf8 33.
Qg4 e5 34. Bxf8 Rxf8 35. Qg7 Rc8 36. h7 1-0

[Event "Korcsoportos bajnokság, 18 éves lány"]
[Site "Budapest"]
[Date "2020.10.26"]
[Round "1.3"]
[White "Lukacs, Anna Kata"]
[Black "Toth, Kincso"]
[Result "0-1"]
[WhiteElo "1799"]
[BlackElo "1582"]
[PlyCount "72"]
[EventDate "2020.10.24"]
[EventType "tourn"]
[EventRounds "6"]
[EventCountry "HUN"]

1. e4 e5 2. Nc3 Nf6 3. f4 d5 4. fxe5 Nxe4 5. Qf3 f5 6. d4 c5 7. Bb5+ Nc6 8.
Nge2 Be7 9. Be3 O-O 10. O-O-O c4 11. Nf4 a6 12. Ba4 b5 13. Nfxd5 bxa4 14. Nxe4
fxe4 15. Nxe7+ Nxe7 16. Qxe4 Bf5 17. Qh4 Nd5 18. Bg5 Qb6 19. Be7 Rfe8 20. Bc5
Qg6 21. Qf2 c3 22. b3 axb3 23. axb3 a5 24. Rhf1 Be6 25. Rd3 a4 26. Rg3 Qh6+ 27.
Kb1 axb3 28. cxb3 Reb8 29. Qc2 Ne3 30. Rxe3 Qxe3 31. d5 Qxc5 32. dxe6 Ra3 33.
Qf5 Rbxb3+ 34. Kc2 Rb2+ 35. Kd3 c2+ 36. Ke4 Rb4# 0-1

[Event "Korcsoportos bajnokság, 18 éves lány"]
[Site "Budapest"]
[Date "2020.10.28"]
[Round "2.1"]
[White "Lukacs, Anna Kata"]
[Black "Szalovszky, Viktoria"]
[Result "1-0"]
[WhiteElo "1799"]
[BlackElo "1467"]
[PlyCount "65"]
[EventDate "2020.10.24"]
[EventType "tourn"]
[EventRounds "6"]
[EventCountry "HUN"]

1. e4 d5 2. exd5 Qxd5 3. Nc3 Qa5 4. d4 c6 5. Bd2 Nf6 6. Nf3 Bf5 7. Bc4 e6 8.
Qe2 Qd8 9. O-O-O Be7 10. h3 Nbd7 11. g4 Bg6 12. Ne5 Nb6 13. Bb3 Qxd4 14. Bh6
Qc5 15. Nxg6 hxg6 16. Bxg7 Rg8 17. Bxf6 Bxf6 18. Ne4 Qe7 19. Nd6+ Kf8 20. f4
Nd5 21. Ne4 Nxf4 22. Qf3 Be5 23. g5 Nh5 24. Rhf1 Bf4+ 25. Kb1 Be5 26. Nf6 Nxf6
27. gxf6 Qc7 28. Qe3 Rh8 29. Qc5+ Ke8 30. Bxe6 Rd8 31. Rxd8+ Qxd8 32. Qxe5 fxe6
33. f7+ 1-0

[Event "Korcsoportos bajnokság, 18 éves lány"]
[Site "Budapest"]
[Date "2020.10.29"]
[Round "2.2"]
[White "Szalovszky, Viktoria"]
[Black "Toth, Kincso"]
[Result "1/2-1/2"]
[WhiteElo "1467"]
[BlackElo "1582"]
[PlyCount "101"]
[EventDate "2020.10.24"]
[EventType "tourn"]
[EventRounds "6"]
[EventCountry "HUN"]

1. e4 c5 2. Nf3 Nc6 3. g3 e5 4. Bg2 Nf6 5. d3 d6 6. O-O Be7 7. h3 Bd7 8. b3 O-O
9. Bb2 a6 10. c4 b5 11. Nc3 Rb8 12. Nd5 Nxd5 13. cxd5 Nd4 14. Nxd4 cxd4 15. f4
f5 16. Kh2 Qe8 17. Qd2 b4 18. Rac1 Rb7 19. exf5 Bf6 20. Be4 h6 21. Qg2 Ra7 22.
Rc2 a5 23. Bc1 a4 24. g4 axb3 25. axb3 exf4 26. Bxf4 Be5 27. Bxe5 dxe5 28. Rc5
Ra3 29. Rb1 Qe7 30. Rc7 Qd6 31. Qc2 Ra2 32. Qxa2 Qxc7 33. Qd2 Rc8 34. Kg3 Qc5
35. Qf2 Bb5 36. f6 Rf8 37. Qf5 Rxf6 38. Qxe5 Bd7 39. Ra1 Rf8 40. Ra6 Qc1 41.
Qxd4 Qe1+ 42. Kh2 Qd2+ 43. Kg3 Qf4+ 44. Kg2 Qf1+ 45. Kg3 Qe1+ 46. Kh2 Qd2+ 47.
Kg3 Qe1+ 48. Kh2 Qd2+ 49. Kg3 Qe1+ 50. Kh2 Qd2+ 51. Kg3 1/2-1/2

[Event "Korcsoportos bajnokság, 18 éves lány"]
[Site "Budapest"]
[Date "2020.10.30"]
[Round "2.3"]
[White "Toth, Kincso"]
[Black "Lukacs, Anna Kata"]
[Result "1-0"]
[WhiteElo "1582"]
[BlackElo "1799"]
[PlyCount "69"]
[EventDate "2020.10.24"]
[EventType "tourn"]
[EventRounds "6"]
[EventCountry "HUN"]

1. e4 d6 2. Nf3 Nf6 3. Nc3 e5 4. d4 Nbd7 5. Bc4 Be7 6. h3 h6 7. Be3 c6 8. Bb3
Qc7 9. a4 Nf8 10. dxe5 dxe5 11. Qe2 Ne6 12. Rd1 Bb4 13. Qc4 a5 14. O-O g5 15.
Qd3 Be7 16. Ne2 Nf4 17. Bxf4 gxf4 18. Kh2 Bd7 19. Bc4 Rd8 20. Qb3 O-O 21. Nc3
Be8 22. Rxd8 Bxd8 23. g3 Nh5 24. Rg1 Kh7 25. Ne2 Qe7 26. Nh4 Bd7 27. Nf5 Bxf5
28. exf5 f6 29. Be6 Ng7 30. Rd1 fxg3+ 31. Nxg3 Nxe6 32. fxe6 Qc5 33. Ne4 Qb4
34. Rd7+ Kh8 35. Qe3 1-0

[Event "Korcsoportos bajnokság, 16 éves lány"]
[Site "Budapest"]
[Date "2020.10.24"]
[Round "1.1"]
[White "Ivan, Reka Gyongyver"]
[Black "Koltai, Dora"]
[Result "1/2-1/2"]
[WhiteElo "1721"]
[BlackElo "1891"]
[PlyCount "103"]
[EventDate "2020.10.24"]
[EventType "tourn"]
[EventRounds "10"]
[EventCountry "HUN"]

1. d4 d5 2. Bf4 Nf6 3. e3 c5 4. Nd2 e6 5. Ngf3 Bd6 6. dxc5 Bxf4 7. exf4 Qa5 8.
Bd3 Qxc5 9. O-O O-O 10. Re1 Nc6 11. c3 Bd7 12. Qe2 a5 13. Ne5 Rfd8 14. Ndf3 h6
15. g4 Be8 16. g5 hxg5 17. Nxg5 Ne7 18. Ng4 Ne4 19. Nxe4 dxe4 20. Qxe4 Nf5 21.
Ne5 a4 22. a3 Bc6 23. Nxc6 bxc6 24. Bc2 Rd2 25. Re2 Rxe2 26. Qxe2 Qb6 27. Rb1
Qa5 28. Qe4 Qb5 29. Qb4 Qe2 30. Qe4 Qb5 31. Bd3 Qc5 32. Qb4 Qxb4 33. axb4 Nd6
34. Ra1 Nb5 35. Bc2 a3 36. Be4 Ra6 37. Bd3 Kf8 38. bxa3 Rxa3 39. Rxa3 Nxa3 40.
Be4 Nb5 41. Bxc6 Nxc3 42. b5 Ke7 43. Kg2 Kd6 44. Kf3 Nd5 45. Ke4 Nb4 46. Be8
Ke7 47. Bc6 Nxc6 48. bxc6 Kd6 49. Kd4 Kxc6 50. Kc4 Kd6 51. Kd4 Kc6 52. Ke4
1/2-1/2

[Event "Korcsoportos bajnokság, 16 éves lány"]
[Site "Budapest"]
[Date "2020.10.24"]
[Round "1.1"]
[White "Toth, Nikoletta"]
[Black "Buri, Kata"]
[Result "1-0"]
[WhiteElo "1916"]
[BlackElo "1685"]
[PlyCount "81"]
[EventDate "2020.10.24"]
[EventType "tourn"]
[EventRounds "10"]
[EventCountry "HUN"]

1. Nf3 Nf6 2. b3 g6 3. g3 Bg7 4. Bb2 O-O 5. Bg2 d5 6. c4 dxc4 7. bxc4 c5 8. O-O
Nc6 9. Ne5 Qb6 10. Nxc6 Qxb2 11. Nxe7+ Kh8 12. Nc3 Qb4 13. Nxc8 Raxc8 14. Rb1
Qxc4 15. Rxb7 a5 16. Ra7 Rcd8 17. Rxa5 Ng4 18. Ne4 Rd5 19. d3 Qb4 20. Ra4 Qb6
21. Nd2 Rd4 22. Nc4 Qe6 23. Qc2 Re8 24. Ra8 Rxa8 25. Bxa8 h5 26. h4 g5 27. hxg5
h4 28. gxh4 Nh2 29. f4 Nxf1 30. Kxf1 Qh3+ 31. Ke1 Qg3+ 32. Kd2 Qxf4+ 33. e3
Qf2+ 34. Kc1 Qe1+ 35. Qd1 Qc3+ 36. Qc2 Qe1+ 37. Qd1 Rxc4+ 38. dxc4 Bb2+ 39. Kc2
Qc3+ 40. Kb1 Qb4 41. Qb3 1-0

[Event "Korcsoportos bajnokság, 16 éves lány"]
[Site "Budapest"]
[Date "2020.10.25"]
[Round "1.2"]
[White "Koltai, Dora"]
[Black "Toth, Nikoletta"]
[Result "1-0"]
[WhiteElo "1891"]
[BlackElo "1916"]
[PlyCount "99"]
[EventDate "2020.10.24"]
[EventType "tourn"]
[EventRounds "10"]
[EventCountry "HUN"]

1. e4 e5 2. Nf3 Nc6 3. Bb5 a6 4. Ba4 Nf6 5. O-O b5 6. Bb3 Bc5 7. a4 Rb8 8. c3
d6 9. d4 Bb6 10. a5 Ba7 11. h3 O-O 12. Be3 Ra8 13. Re1 h6 14. Nbd2 Re8 15. d5
Ne7 16. Bxa7 Rxa7 17. Nf1 Ng6 18. Ng3 Bd7 19. Qd2 Qc8 20. Kh2 Ra8 21. Rac1 Nf4
22. Ng1 h5 23. Bc2 Kh8 24. N3e2 g5 25. g3 Nxe2 26. Rxe2 Rg8 27. Nf3 Nh7 28. h4
Bg4 29. Re3 Bxf3 30. Rxf3 Qg4 31. Qe3 gxh4 32. Rh1 Rg7 33. Kg2 Rag8 34. Kf1 h3
35. Ke1 Ng5 36. Rf5 Rh7 37. Bd1 Qxe4 38. Qxe4 Nxe4 39. Rxh3 Rg5 40. Rxg5 Nxg5
41. Rxh5 Rxh5 42. Bxh5 Kg7 43. Be2 Ne4 44. Bxb5 Nc5 45. Bc4 Nb7 46. b4 Nd8 47.
Bxa6 c6 48. dxc6 Nxc6 49. Bb7 Na7 50. c4 1-0

[Event "Korcsoportos bajnokság, 16 éves lány"]
[Site "Budapest"]
[Date "2020.10.25"]
[Round "1.2"]
[White "Sulyok, Eszter"]
[Black "Ivan, Reka Gyongyver"]
[Result "0-1"]
[WhiteElo "1971"]
[BlackElo "1721"]
[PlyCount "74"]
[EventDate "2020.10.24"]
[EventType "tourn"]
[EventRounds "10"]
[EventCountry "HUN"]

1. c4 e6 2. g3 d5 3. Bg2 Nf6 4. Nf3 dxc4 5. Qa4+ Nbd7 6. Qxc4 a6 7. O-O b5 8.
Qc2 Bb7 9. d3 Be7 10. Bf4 c5 11. Nbd2 Rc8 12. Rfd1 O-O 13. Ne4 Qb6 14. Nfd2
Rfd8 15. a4 Nd5 16. a5 Qa7 17. Bd6 Qa8 18. Bxe7 Nxe7 19. Nf3 Nf5 20. Bh3 c4 21.
Bxf5 cxd3 22. Qxd3 Nc5 23. Qe3 Nxe4 24. Bxe4 Bxe4 25. Qb6 Bd5 26. Rac1 h6 27.
Ne5 Rxc1 28. Rxc1 Rc8 29. Rc7 Rxc7 30. Qxc7 Qb7 31. Qd8+ Kh7 32. Qe8 Qc7 33.
Nf3 Qxa5 34. Qxf7 Qa1+ 35. Kg2 Qxb2 36. e4 Bxe4 37. Qxe6 Qe2 0-1

[Event "Korcsoportos bajnokság, 16 éves lány"]
[Site "Budapest"]
[Date "2020.10.25"]
[Round "1.3"]
[White "Toth, Nikoletta"]
[Black "Sulyok, Eszter"]
[Result "1-0"]
[WhiteElo "1916"]
[BlackElo "1971"]
[PlyCount "77"]
[EventDate "2020.10.24"]
[EventType "tourn"]
[EventRounds "10"]
[EventCountry "HUN"]

1. Nf3 Nf6 2. g3 d5 3. Bg2 Nbd7 4. d4 e6 5. O-O Bd6 6. Nbd2 O-O 7. Re1 c5 8. c4
cxd4 9. cxd5 Nxd5 10. Nxd4 N7f6 11. Nc4 Bb4 12. Bd2 Bc5 13. Nb3 Be7 14. Rc1 Nb6
15. Be3 Nxc4 16. Rxc4 Nd5 17. Bc5 b6 18. e4 Ba6 19. Rc1 bxc5 20. exd5 exd5 21.
Qxd5 Rc8 22. Qxd8 Bxd8 23. Nxc5 Bb5 24. a4 Ba5 25. Red1 Be2 26. Rd4 Bb6 27. b4
a5 28. Rd6 Ba7 29. Rd7 Bb6 30. Rb7 Bd8 31. b5 Bg5 32. Re1 Rfe8 33. Bc6 Re5 34.
Nb3 Bf6 35. Nxa5 g6 36. f4 Re6 37. Nb3 Bc3 38. Rc1 Bd2 39. Nxd2 1-0

[Event "Korcsoportos bajnokság, 16 éves lány"]
[Site "Budapest"]
[Date "2020.10.25"]
[Round "1.3"]
[White "Buri, Kata"]
[Black "Koltai, Dora"]
[Result "0-1"]
[WhiteElo "1685"]
[BlackElo "1891"]
[PlyCount "82"]
[EventDate "2020.10.24"]
[EventType "tourn"]
[EventRounds "10"]
[EventCountry "HUN"]

1. e4 e5 2. Nf3 Nf6 3. Nc3 Bb4 4. Nxe5 O-O 5. Be2 Re8 6. Nd3 Bxc3 7. dxc3 Nxe4
8. Nf4 d6 9. O-O Nd7 10. f3 Nef6 11. c4 Ne5 12. b3 Bf5 13. Bb2 a5 14. a4 Nc6
15. Rf2 Nb4 16. Bf1 h6 17. Nd3 Bxd3 18. Bxd3 Nxd3 19. Qxd3 d5 20. Bxf6 Qxf6 21.
Raf1 d4 22. Re2 c5 23. Rfe1 Qc6 24. Rxe8+ Rxe8 25. Rxe8+ Qxe8 26. h3 Qe1+ 27.
Kh2 g6 28. Qe4 Qxe4 29. fxe4 Kg7 30. Kg3 Kf6 31. Kf4 g5+ 32. Kg4 Ke5 33. Kh5
Kxe4 34. Kxh6 f6 35. Kg6 Ke3 36. Kxf6 Kd2 37. Kxg5 Kxc2 38. h4 d3 39. h5 d2 40.
h6 d1=Q 41. h7 Qh1 0-1

[Event "Korcsoportos bajnokság, 16 éves lány"]
[Site "Budapest"]
[Date "2020.10.26"]
[Round "1.4"]
[White "Sulyok, Eszter"]
[Black "Buri, Kata"]
[Result "1-0"]
[WhiteElo "1971"]
[BlackElo "1685"]
[PlyCount "39"]
[EventDate "2020.10.24"]
[EventType "tourn"]
[EventRounds "10"]
[EventCountry "HUN"]

1. d4 Nf6 2. c4 c5 3. d5 g6 4. Nc3 Bg7 5. e4 d6 6. f3 O-O 7. Be3 Re8 8. Qd2 e6
9. Nge2 exd5 10. cxd5 Nbd7 11. Ng3 a6 12. Be2 Ne5 13. O-O h5 14. Bg5 Qd7 15. f4
Neg4 16. h3 Nh6 17. f5 h4 18. Bxh4 gxf5 19. Bxf6 Bxf6 20. Qxh6 1-0

[Event "Korcsoportos bajnokság, 16 éves lány"]
[Site "Budapest"]
[Date "2020.10.26"]
[Round "1.4"]
[White "Ivan, Reka Gyongyver"]
[Black "Toth, Nikoletta"]
[Result "0-1"]
[WhiteElo "1721"]
[BlackElo "1916"]
[PlyCount "66"]
[EventDate "2020.10.24"]
[EventType "tourn"]
[EventRounds "10"]
[EventCountry "HUN"]

1. d4 d5 2. Bf4 Nf6 3. e3 c5 4. c3 Nc6 5. Nd2 Bf5 6. Ngf3 e6 7. Qb3 Qc8 8. h3
h6 9. Be2 c4 10. Qd1 Be7 11. Ne5 b5 12. Bf3 O-O 13. g4 Bh7 14. h4 Nxe5 15. Bxe5
Ne4 16. Bxe4 dxe4 17. g5 f6 18. Bf4 e5 19. dxe5 fxe5 20. Bxe5 Qf5 21. Bg3 hxg5
22. hxg5 Bxg5 23. Qe2 Rac8 24. O-O-O b4 25. Nxc4 bxc3 26. Nd6 cxb2+ 27. Kb1 Qf3
28. Qd2 Rc1+ 29. Kxb2 Rc5 30. Bh4 Bxh4 31. Rxh4 Qf6+ 32. Qd4 Qxf2+ 33. Rd2 Rb8+
0-1

[Event "Korcsoportos bajnokság, 16 éves lány"]
[Site "Budapest"]
[Date "2020.10.27"]
[Round "1.5"]
[White "Buri, Kata"]
[Black "Ivan, Reka Gyongyver"]
[Result "1-0"]
[WhiteElo "1685"]
[BlackElo "1721"]
[PlyCount "73"]
[EventDate "2020.10.24"]
[EventType "tourn"]
[EventRounds "10"]
[EventCountry "HUN"]

1. e4 c6 2. d4 d5 3. Nd2 dxe4 4. Nxe4 Bf5 5. Ng3 Bg6 6. h4 h6 7. Nf3 Nd7 8. h5
Bh7 9. Bd3 Bxd3 10. Qxd3 e6 11. Bd2 Ngf6 12. O-O-O Be7 13. Qe2 O-O 14. Nf1 Qc7
15. g4 Nh7 16. Rg1 Ng5 17. Nh4 e5 18. Nf5 Bf6 19. dxe5 Bxe5 20. Bxg5 hxg5 21.
h6 Bf4+ 22. Kb1 Qe5 23. Qxe5 Nxe5 24. hxg7 Rfd8 25. N1e3 Ng6 26. Rde1 Rd2 27.
f3 Rad8 28. a3 Rf2 29. Rd1 Re8 30. Nh6+ Kxg7 31. Nef5+ Kf8 32. Rd7 Ne5 33. Rxb7
a5 34. Nd6 Re6 35. Ndf5 Nxf3 36. Rxf7+ Ke8 37. Ng7+ 1-0

[Event "Korcsoportos bajnokság, 16 éves lány"]
[Site "Budapest"]
[Date "2020.10.27"]
[Round "1.5"]
[White "Koltai, Dora"]
[Black "Sulyok, Eszter"]
[Result "1/2-1/2"]
[WhiteElo "1891"]
[BlackElo "1971"]
[PlyCount "85"]
[EventDate "2020.10.24"]
[EventType "tourn"]
[EventRounds "10"]
[EventCountry "HUN"]

1. e4 c5 2. Nf3 Nc6 3. d4 cxd4 4. Nxd4 e6 5. Nc3 Qc7 6. Be2 Nf6 7. O-O Bb4 8.
Ndb5 Qb8 9. a3 Be7 10. Kh1 a6 11. Nd4 O-O 12. f4 d6 13. Be3 Rd8 14. Qe1 e5 15.
fxe5 dxe5 16. Nf5 Bxf5 17. exf5 Nd4 18. Bd3 Qc7 19. Qg3 Kh8 20. Bg5 Nh5 21. Qh4
Bxg5 22. Qxh5 f6 23. Rad1 Qc6 24. Ne4 Bf4 25. c3 Nb3 26. Bc2 Nc5 27. Nxc5 Qxc5
28. Rxd8+ Rxd8 29. Rd1 Rf8 30. Qf3 Qb6 31. b3 Qc7 32. Qd3 Re8 33. Qd7 Qxd7 34.
Rxd7 e4 35. g3 e3 36. Bd3 Bh6 37. Be2 g6 38. fxg6 hxg6 39. Kg2 g5 40. Kf3 f5
41. h3 Bg7 42. c4 Re6 43. Rd5 1/2-1/2